000 02454nam a2200325 i 4500
001 768714001
003 CO-MdFUSB
005 20220812111156.0
007 ta
008 220219t1989 ck ad||| |||| 00| 0 spa d
020 _a9586251705
040 _aCO-MdFUSB
_bspa
_cCO-MdFUSB
_dCO-MdFUSBC
_erda
041 _aspa
082 _223
_a282.098
_bSA237
110 _aSecretariado de Santuarios en América del Sur
245 1 _aSantuarios, expresión de religiosidad popular :
_bsíntesis pastoral de nueve Encuentros de Responsables de Santuarios del Cono Sur y de América del Sur
_c/ Secretariado de Santuarios en América del Sur , Consejo Episcopal Latinoamericano , Secretariado para la Pastoral de Santuarios.
264 1 _aMedellín, Colombia :
_bConsejo Episcopal Latinoamericano,
_c[1989]
264 4 _c© 1989
300 _a482 páginas
_c; 21 cm
336 _2rdacontent
_atexto
_btxt
337 _2rdamedia
_asin mediación
_bn
338 _2rdacarrier
_avolumen
_bnc
490 _aDocumentos CELAM,
505 _aPrimer encuentro Caacupé-Paraguay -1980 La cultura y la evangelización El santuario, lugar privilegiado de la evangelización. -- Segundo encuentro. Pilar (Buenos Aires), Argentina 1981. Los santuarios, lugares privilegiados para el Pueblo de Dios en América Latina. -- Tercer encuentro Aparecida Brasil 1982. El santuario, lugar privilegiado de las iglesias locales para evangelizar las multitudes. -- Cuarto encuentro: La Florida -Chile 1983 Los santuarios hacia los 500 años de evangelización de América Latina. -- Quinto encuentro. Montevideo-Uruguay 1984. Desde los santuarios, una evangelización en lenguaje totalizante como fue el de la primera evangelización. -- Sexto encuentro. Caacupe - Ypacarai -Paraguay. 1985. Los santuarios en la situación actual de la evangelización en América Latina y su función pastoral y evangelizadora en las ciudades. -- Séptimo encuentro. Lima-Perú- 1986. Servidores de la nueva evangelización en los santuarios de América Latina. -- Octavo encuentro. Florencio Varela (Buenos Aires) Argentina - 1987. -- Noveno encuentro. Aparecida S. P. Brasil 1989. En los santuarios, la preocupación por una respuesta pastoral a las sectas, y asumir a la totalidad de s lacos latinoamericanos.
563 _aRústico
610 2 7 _aIglesia Católica
_xLiturgía
_zAmérica Latina.
650 0 _9691
_aLiturgia
_cEpiscopado.
_zAmérica Latina
942 _cBK
945 _aJTF-925
999 _c67266
_d67266